000 00498nam a2200193Ia 4500
008 170918s9999 xx 000 0 und d
020 _a439295165
050 _bH682 2000
100 _aHoberman, Mary Ann
245 4 _aThe eensy-weensy spider /
245 _cMary Ann Hoberman ; illustrated by Nadine Bernard Westcott.
260 _aNew York :
260 _bScholastic,
260 _c2000
300 _aunpaged :
300 _bcolored illustration ;
300 _c22cm.
500 _a310
999 _c341087
_d341087